00191nam a2200073Ia 4500008004100000082001300041100001800054245004500072240331s9999 xx 000 0 und d a294bRAV aRaveendran, N 0aInthuvam inthusamayam samooga matrangal